000 00694nam a2200241 i 4500
001 C2-0171856
003 PPAK
005 20180728093911.0
008 980825s1985 my |||| ||||| | eng d
040 _aPPAK
_beng
_cPPAK
_erda
082 0 4 _a343.595
_2 23
090 0 0 _a343.595
_bMAL
_dR
110 2 _aMalaysia
245 0 0 _aEmergency (Public order and prevention of crime) ordinance 1969
264 1 _aKuala Lumpur :
_bMalaysia Law Publishers ,
_c1985
300 _a11 pages ;
_c24 cm
336 _2rdacontent
_atext
337 _2rdamedia
_aunmediated
338 _2rdacarrier
_avolume
700 0 _aLegal Assistant Rtd,
_ecompile
710 2 _aMalaysia
_eorganizer
942 _ddc
_cB
999 _c154841
_d154841